000 00621cam a2200217 4500
008 090401t1984 xxu||||| |||| 00| 0 eng d
020 _a0406571880
035 _a(Sirsi) u71336
041 _aeng
050 _a711.14
100 _aDavies, Keith
245 _aLaw of compulsory purchase and compensation
250 _a4th ed.
260 _aLondon
_bButterworths
_c1984
300 _axxxv, 364p. ; 22cm.
350 _a14
650 _aCompulsory purchase
_96228
690 _aENVIRONMENTAL AND LAND CONSULTANCY-PLANNING AND DEVELOPMENT-COMPULSORY PURCHASE AND COMPENSATION
942 _n0
948 _c04/03/1997
999 _c95403
_d95403